<?xml version="1.0" encoding="UTF-8"?>
<marc:record xmlns:marc="http://www.loc.gov/MARC21/slim">
   <marc:leader>00000nam a2200000 a 4500</marc:leader>
   <marc:datafield ind1="1" ind2=" " tag="100">
      <marc:subfield code="a">Grisham, John</marc:subfield>
      <marc:subfield code="4">aut</marc:subfield>
      <marc:subfield code="e">Verfasser/-in</marc:subfield>
   </marc:datafield>
   <marc:datafield ind1="1" ind2=" " tag="100">
      <marc:subfield code="a">Brauer, Charles</marc:subfield>
      <marc:subfield code="4">stl</marc:subfield>
      <marc:subfield code="e">Erzähler/-in</marc:subfield>
   </marc:datafield>
   <marc:datafield ind1="1" ind2=" " tag="100">
      <marc:subfield code="a">Dorn-Ruhl, Kristiana</marc:subfield>
      <marc:subfield code="4">trl</marc:subfield>
      <marc:subfield code="e">Übersetzer/-in</marc:subfield>
   </marc:datafield>
   <marc:datafield ind1="1" ind2=" " tag="100">
      <marc:subfield code="a">Reiter, Bea</marc:subfield>
      <marc:subfield code="4">trl</marc:subfield>
      <marc:subfield code="e">Übersetzer/-in</marc:subfield>
   </marc:datafield>
   <marc:datafield ind1="0" ind2="0" tag="245">
      <marc:subfield code="a">Bestechung</marc:subfield>
   </marc:datafield>
   <marc:datafield ind1="0" ind2="0" tag="245">
      <marc:subfield code="c">John Grisham</marc:subfield>
   </marc:datafield>
   <marc:datafield ind1=" " ind2="1" tag="264">
      <marc:subfield code="a">München</marc:subfield>
      <marc:subfield code="b">Random House Audio</marc:subfield>
      <marc:subfield code="c">2017</marc:subfield>
   </marc:datafield>
   <marc:datafield ind1="1" ind2=" " tag="520">
      <marc:subfield code="a">Angaben aus der Verlagsmeldung

Bestechung Doubleday (The Whistler) / von John Grisham

"Der beste Thrillerautor unserer Zeit." (Ken Follett)
Von Richtern erwarten wir ehrliches und weises Handeln. Ihre Integrität und Neutralität sind das Fundament, auf dem unser Rechtssystem ruht. Wir vertrauen darauf, dass sie für faire Prozesse sorgen, Verbrecher bestrafen, eine geordnete Gerichtsbarkeit garantieren. Doch was, wenn ein Richter bestechlich ist? Lacy Stoltz, Anwältin bei der Rechtsaufsichtsbehörde in Florida, wird mit einem Fall konfrontiert, der jede Vorstellungskraft übersteigt. Ein Richter soll über Jahre Bestechungsgelder in unglaublicher Höhe angenommen haben. Lacy Stoltz nimmt die Ermittlungen auf. Schnell wird ihr klar: Dieser Fall ist hochgefährlich. Doch sie ahnt nicht, dass er auch tödlich enden könnte.
"Gäbe es einen Lexikoneintrag zu Hörbuchqualität, würden dort Fotos von Grisham und Brauer zu finden sein." Bücher Magazin
(2 mp3-CDs, Laufzeit: ca. 13h 45)
</marc:subfield>
   </marc:datafield>
   <marc:datafield ind1=" " ind2=" " tag="020">
      <marc:subfield code="a">9783837137903</marc:subfield>
      <marc:subfield code="9">9783837137903</marc:subfield>
   </marc:datafield>
   <marc:datafield ind1=" " ind2=" " tag="020">
      <marc:subfield code="a">3837137902</marc:subfield>
      <marc:subfield code="9">3837137902</marc:subfield>
   </marc:datafield>
   <marc:datafield ind1=" " ind2=" " tag="041">
      <marc:subfield code="a">ger</marc:subfield>
   </marc:datafield>
   <marc:datafield ind1="0" ind2=" " tag="490">
      <marc:subfield code="v">0</marc:subfield>
   </marc:datafield>
   <marc:datafield ind1=" " ind2=" " tag="300">
      <marc:subfield code="a">2 CDs</marc:subfield>
   </marc:datafield>
</marc:record>
